Lead compounds from medicinal plants for the treatment of neurodegenerative diseases
Zapisane w:
| 1. autor: | |
|---|---|
| Format: | Książka |
| Język: | angielski |
| Wydane: |
Academic Press
2014
|
| Etykiety: |
Dodaj etykietę
Nie ma etykietki, Dołącz pierwszą etykiete!
|
MARC
| LEADER | 00000nam a22000007a 4500 | ||
|---|---|---|---|
| 008 | 210430b ||||| |||| 00| 0 eng d | ||
| 020 | |a 978-0-12-398373-2 | ||
| 100 | |a WIART, Christophe | ||
| 245 | |a Lead compounds from medicinal plants for the treatment of neurodegenerative diseases |c Christophe Wiart. |g xvii, 396p.; ill. | ||
| 260 | |b Academic Press |c 2014 |h London |i 683847 |l RC385 .W63 |m Medicinal plants |m Nervous system – Degeneration – Treatment. |m Plants, Medicinal – Chemistry |m Alkaloids - therapeutic use. |m Nerve degeneration – Drug therapy |m Phytotherapy. | ||
| 500 | |a “It includes index.” | ||
| 942 | |a lcc |c BK |e Adekanye, I. H. |f 30/04/2021 | ||
| 952 | |0 0 |1 0 |2 lcc |4 0 |6 RC0385 W63 |7 0 |9 2381 |a HOL |b HOL |c QZ |d 2021-04-30 |l 0 |o RC385 .W63 |p 2021-6233 |r 2021-04-30 00:00:00 |w 2021-04-30 |y BK | ||
| 999 | |c 1230 |d 1230 | ||